| 000 | 00469nam a2200169Ia 4500 | ||
|---|---|---|---|
| 003 | 3228 | ||
| 005 | 20260608084334.0 | ||
| 008 | 210818s9999 xx 000 0 und d | ||
| 020 | _a9781770090309 | ||
| 040 |
_aMPL _c3228 |
||
| 082 | 0 | _aEF GRAY | |
| 100 |
_a Gray, Stephen Johannesburg, 2005 _926800 |
||
| 245 | 0 | _aMy serial killer and other stories | |
| 260 |
_aJohannesburg: _bJacana, _c2005. |
||
| 300 |
_a256 Pages _bIllustrations _c17,5 cm |
||
| 942 |
_cBK _2ddc _y282 _zEmmerencia Nonyane |
||
| 999 |
_c474102 _d474100 |
||